000
00326nam a2200133 a 4500
005
20140414131916.0
008
101002s19uu xx 00 eng d
050
_a
ER
_b
F44 1996
100
_a
Berowska, Marta
245
_a
Fiddling cricket.
260
_a
Ontario :
_b
Ovale,
_c
1996.
440
_a
Who's there?
999
_c
111467
_d
111467